[Event "TSGM October"]
[Site "Belgrade YUG"]
[Date "2001.10.29"]
[Round "10"]
[White "Nestorovic,D"]
[Black "Boskovic,D"]
[Result "0-1"]
[WhiteElo "2428"]
[BlackElo "2343"]

1.d4 Nf6 2.c4 c5 3.d5 e6 4.Nc3 exd5 5.cxd5 d6 6.Nf3 g6 7.Bf4 Bg7 8.h3 O-O
9.e3 Na6 10.Nd2 Nc7 11.Nc4 Nfe8 12.a4 b6 13.Be2 Ba6 14.O-O Bxc4 15.Bxc4 a6
16.Qd3 f5 17.Rab1 a5 18.Rbe1 Nf6 19.e4 fxe4 20.Nxe4 Nxe4 21.Rxe4 Qd7 22.b3 Rae8
23.Rxe8 Rxe8 24.Qg3 Be5 25.Bxe5 Rxe5 26.f4 Rf5 27.Bd3 Rf6 28.f5 Qf7 29.Re1 Kf8
30.fxg6 hxg6 31.Qg4 Kg7 32.Qc8 Nxd5 33.Bc4 Rf5 34.Qd8 Qf6 35.Qd7+ Kh6 36.Kh2 Nf4
37.Re7 d5 38.Bf1 Kg5 39.Rh7 Nh5 40.Rxh5+ gxh5 41.Bd3 Re5  0-1

[Event "ch-Balkan"]
[Site "Istanbul TUR"]
[Date "2001.11.20"]
[Round "3"]
[White "Rama,L"]
[Black "Erdogan,H"]
[Result "1/2-1/2"]
[WhiteElo "2311"]
[BlackElo "2292"]

1.d4 Nf6 2.c4 e6 3.Nf3 c5 4.d5 exd5 5.cxd5 d6 6.Nc3 g6 7.h3 Bg7 8.e4 O-O
9.Bd3 a6 10.O-O b5 11.Re1 Nh5 12.Bg5 Qc7 13.a3 Nd7 14.Qd2 Re8 15.Bh6 Bf6
16.Rad1 Rb8 17.Ne2 b4 18.a4 b3 19.Rc1 Qb6 20.Nc3 Ne5 21.Nxe5 Bxe5 22.Be2 Qd8
23.Bxh5 gxh5 24.Bg5 Qd7 25.f4 Bd4+ 26.Kh1 f6 27.Bh4 Qf7 28.Bf2 Rb4 29.Bxd4 Rxd4
30.Qf2 Kh8 31.Re3 Rg8 32.Rce1 Bd7 33.a5 Re8 34.Qe2 Bc8 35.e5 dxe5 36.fxe5 Rg8
37.e6 Qe7 38.Rd3 Bb7 39.Red1 Rxd3 40.Rxd3 Qd6 41.e7 Re8 42.Re3 Bxd5 43.Nxd5 Qxd5
44.Qxa6 Kg7 45.Qe6 Qxe6 46.Rxe6 c4 47.Re2 c3 48.bxc3 Kf7 49.a6 Rxe7 50.Rxe7+ Kxe7
51.a7 b2 52.a8=Q b1=Q+ 53.Kh2 Qf5 54.Qa7+ Kd6 55.Qd4+ Kc6 56.Kg3 h4+ 57.Qxh4 Qd3+
58.Kh2 Qxc3 59.Qxh7 Qe5+  1/2-1/2

[Event "ch-Balkan"]
[Site "Istanbul TUR"]
[Date "2001.11.22"]
[Round "6"]
[White "Ipek,A"]
[Black "Nikolaidis,I"]
[Result "0-1"]
[WhiteElo "2240"]
[BlackElo "2524"]

1.d4 Nf6 2.Nf3 c5 3.d5 e6 4.c4 d6 5.Nc3 exd5 6.cxd5 g6 7.e4 a6 8.a4 Bg4 9.Be2 Bxf3
10.Bxf3 Bg7 11.a5 O-O 12.O-O Nbd7 13.Ra3 Ne8 14.Bf4 Rb8 15.Be2 Qe7 16.Qd2 Nc7
17.Bh6 Bxh6 18.Qxh6 b5 19.axb6 Rxb6 20.Nd1 Qxe4 21.Rh3 Nf6 22.Ne3 Rfb8 23.Bf3 Qe7
24.g4 Qf8 25.Qh4 Nce8 26.g5 Rb4 27.Ng4 Nh5 28.Re1 Neg7 29.Nh6+ Kh8 30.Re4 Rxe4
31.Qxe4 Re8 32.Qc4 Re1+ 33.Kg2 Qe7 34.Bxh5 Nxh5 35.Qc3+ f6 36.Re3 Rxe3 37.fxe3 Qe4+
38.Kg1 Qxd5 39.gxf6 Qg5+ 40.Kf2 Qxf6+ 41.Qxf6+ Nxf6 42.Nf7+ Kg7 43.Nxd6 Ng4+
44.Kf3 Nxh2+ 45.Kf4 h5 46.Nb7 c4 47.Na5 Kf6 48.Kg3 Nf1+ 49.Kf2 Nd2 50.Nc6 g5
51.Nb4 a5 52.Nd5+ Ke5 53.Ne7 a4 54.Nc6+ Ke4 55.Nd4 c3 56.bxc3 a3 57.Nc2 a2
58.Kg3 Nf1+  0-1

[Event "ch-ROM w"]
[Site "Targoviste ROM"]
[Date "2001.12.04"]
[Round "10"]
[White "Olarasu,G"]
[Black "Sasu Ducsoara,An"]
[Result "1-0"]
[WhiteElo "2285"]
[BlackElo "2240"]

1.d4 Nf6 2.c4 e6 3.Nc3 c5 4.d5 exd5 5.cxd5 d6 6.Nf3 g6 7.Bg5 Bg7 8.e3 O-O
9.Nd2 h6 10.Bh4 a6 11.a4 Nbd7 12.Be2 Rb8 13.O-O Qc7 14.Nc4 Re8 15.Bg3 Bf8
16.a5 b5 17.axb6 Nxb6 18.Na5 Bg7 19.Ra2 h5 20.Ra3 Nfd7 21.Qd2 Bf6 22.e4 c4
23.f3 Nc5 24.Bf2 Bd7 25.Rc1 Rec8 26.h3 Bb5 27.f4 Ncd7 28.Nxb5 axb5 29.Nc6 Ra8
30.Rca1 Ra4 31.Nd4 Rxa3 32.Rxa3 Nc5 33.Nxb5 Nxe4 34.Qa5 Qb7 35.Qxb6 Qxd5
36.Be3 Bxb2 37.Ra7 c3 38.Qd4 Qe6 39.Nc7 Qf5 40.Nd5 Ng3 41.Ne7+ Kh7 42.Nxf5 Nxe2+
43.Kf2 Nxd4 44.Rxf7+  1-0

[Event "London Open"]
[Site "London ENG"]
[Date "2001.12.15"]
[Round "3"]
[White "Pert,N"]
[Black "Taylor,P"]
[Result "1-0"]
[WhiteElo "2451"]
[BlackElo "2229"]

1.d4 Nf6 2.Nf3 e6 3.c4 c5 4.d5 d6 5.Nc3 exd5 6.cxd5 g6 7.Bf4 a6 8.e4 b5 9.Qe2 Bg7
10.e5 dxe5 11.Qxe5+ Qe7 12.Qxe7+ Kxe7 13.O-O-O Rd8 14.Bc7 Bh6+ 15.Kb1 Bf5+
16.Bd3 Bxd3+ 17.Rxd3 Rc8 18.d6+ Kf8 19.Nd5 c4 20.Nxf6 cxd3 21.d7 Nxd7 22.Nxd7+ Ke7
23.Nb6 Rxc7 24.Nxa8 Rb7 25.Re1+ Kd8 26.Rd1 Kc8 27.Rxd3 Rb8 28.Rc3+ Kb7 29.Nc7 Rd8
30.a3 Bf4 31.Nxa6 Kxa6 32.Rc6+ Kb7 33.Rf6 Rd1+ 34.Kc2 Rc1+ 35.Kd3 Bc7 36.Rxf7 Rf1
37.Nd2 Rg1 38.g3 Rg2 39.h4 Kc6 40.Ne4 Be5 41.b3 h6 42.Rh7  1-0

[Event "TCh-CZE 2001-2"]
[Site "CZE"]
[Date "2001.12.16"]
[Round "5"]
[White "Orsag,Mil1"]
[Black "Simacek,P"]
[Result "1/2-1/2"]
[WhiteElo "2387"]
[BlackElo "2411"]

1.d4 Nf6 2.c4 c5 3.d5 e6 4.Nc3 exd5 5.cxd5 d6 6.Nf3 g6 7.Nd2 Bg7 8.e4 O-O
9.Be2 Re8 10.O-O Na6 11.f3 Nc7 12.a4 b6 13.Nc4 Ba6 14.Bg5 h6 15.Be3 Qd7 16.Qd2 Kh7
17.Kh1 Bxc4 18.Bxc4 a6 19.Qe2 Qe7 20.Rfe1 Nd7 21.Qf1 Ne5 22.Be2 g5 23.Bg1 Ng6
24.Bd3 Be5 25.g3 Qf6 26.Rab1 b5 27.axb5 axb5 28.Nxb5 Nxb5 29.Bxb5 Reb8 30.Bd7 Rb3
31.Bf5 Kg7 32.Re3 Rxb2 33.Rxb2 Bxb2 34.Kg2 Bd4 35.Re2 Ra1 36.Re1 Ra3 37.Bxg6 Kxg6
38.Bxd4 Qxd4 39.Re2 Re3 40.Rxe3 Qxe3 41.Qa6 Kh5 42.g4+ Kh4 43.Qxd6 Qe2+ 44.Kg1 Qe3+
45.Kg2 Qe2+  1/2-1/2

[Event "It"]
[Site "Lvov UKR"]
[Date "2001.12.21"]
[Round "4"]
[White "Sulypa,A"]
[Black "Volokitin,A"]
[Result "1/2-1/2"]
[WhiteElo "2513"]
[BlackElo "2566"]

1.d4 Nf6 2.c4 e6 3.Nf3 c5 4.d5 d6 5.Nc3 exd5 6.cxd5 g6 7.e4 a6 8.a4 Bg4 9.Be2 Bxf3
10.Bxf3 Nbd7 11.O-O Bg7 12.Be2 O-O 13.Re1 Re8 14.Qc2 Rc8 15.a5 c4 16.Bf4 Ne5
17.Bd2 b5 18.axb6 Qxb6 19.Be3 Qb7 20.Ra2 Nfg4 21.Bf4 Qb6  1/2-1/2

[Event "It"]
[Site "Lvov UKR"]
[Date "2001.12.25"]
[Round "8"]
[White "Golod,V"]
[Black "De Vreugt,D"]
[Result "1-0"]
[WhiteElo "2517"]
[BlackElo "2437"]

1.d4 Nf6 2.c4 e6 3.Nf3 c5 4.d5 d6 5.Nc3 exd5 6.cxd5 g6 7.h3 a6 8.a4 Qe7 9.Bf4 Bg7
10.Nd2 O-O 11.e3 Nbd7 12.Nc4 Ne8 13.Be2 b6 14.Ra3 Rb8 15.Rb3 f5 16.O-O Kh8
17.Re1 Be5 18.Bxe5+ dxe5 19.d6 Qd8 20.e4 f4 21.Bg4 Nef6 22.Be6 Bb7 23.Nd5 Bc6
24.Nxf6 Rxf6 25.Bxd7 Bxd7 26.Rd3 Bxa4 27.Qxa4 b5 28.Qxa6 bxc4 29.Qxc4 Rxd6
30.Red1 Rd4 31.Qxc5 Qf6 32.Rxd4 exd4 33.Rxd4 Re8 34.Qc3 h5 35.Rd8  1-0

[Event "Christmas Open"]
[Site "Zurich SUI"]
[Date "2001.12.26"]
[Round "1"]
[White "Kogan,A"]
[Black "Jenal,J"]
[Result "0-1"]
[WhiteElo "2565"]
[BlackElo "2182"]

1.d4 Nf6 2.c4 e6 3.Nc3 c5 4.d5 exd5 5.cxd5 d6 6.Nf3 g6 7.Qa4+ Nbd7 8.Bf4 a6
9.e4 Rb8 10.e5 b5 11.Qc2 dxe5 12.Nxe5 Nxe5 13.Bxe5 Bd6 14.Bxd6 Qxd6 15.Be2 O-O
16.Rd1 Re8 17.O-O b4 18.Na4 Bf5 19.Qc4 Bd7 20.Qxc5 Qxc5 21.Nxc5 Rxe2 22.Rfe1 Rbe8
23.Rxe2 Rxe2 24.g4 Bxg4 25.d6 Rc2 26.f3 Nd7 27.Nxa6 Bxf3 28.Rd4 Rg2+ 29.Kf1 Rxb2
30.Nxb4 f5 31.a4 Kf7 32.a5 Ke6 33.a6 Ne5 34.Ke1 Rxb4  0-1

[Event "Troll Masters"]
[Site "Gausdal NOR"]
[Date "2002.01.10"]
[Round "8"]
[White "Tallaksen,G"]
[Black "Womacka,M"]
[Result "0-1"]
[WhiteElo "2235"]
[BlackElo "2499"]

1.d4 Nf6 2.c4 e6 3.Nf3 c5 4.d5 exd5 5.cxd5 d6 6.Nc3 g6 7.h3 Bg7 8.e4 O-O
9.Bd3 b5 10.Nxb5 Re8 11.O-O Nxe4 12.Qa4 Nf6 13.Bg5 Qd7 14.Qf4 Nxd5 15.Qxd6 Ba6
16.Qxd7 Nxd7 17.Rad1 Nb4 18.Bc4 Nb6 19.b3 Nxc4 20.bxc4 Bxb5 21.cxb5 Nxa2
22.Be3 c4 23.Rd2 Nc3 24.Rc2 Rec8 25.Rfc1 Nxb5 26.Rxc4 Rxc4 27.Rxc4 a5 28.Rc5 Nd6
29.Bc1 a4 30.Ba3 Bf8 31.Rc1 Nb5 32.Bxf8 Kxf8 33.Ra1 a3 34.Kf1 Ke7 35.Ke2 Kd6
36.Kd3 Kc5 37.Nd2 f5 38.Rc1+ Kd5 39.Nc4 Ra6 40.Ne3+ Ke6 41.Nc4 a2 42.Ra1 Kd5
43.Ne3+ Kc5 44.Kc2 Kd4 45.Kb3 Kd3 46.Nd5 Nd4+ 47.Kb2 Nc2 48.Rxa2 Rxa2+ 49.Kxa2 Ke2
50.Nf6 h5 51.f3 h4 52.Nd5 Kf2 53.Nf4 g5 54.Ne6 Kxg2 55.Nxg5 f4 56.Kb2 Ne1
57.Kc3 Nxf3 58.Ne6 Kg3 59.Kd3 Ng1  0-1

[Event "18th Open"]
[Site "Skopje MKD"]
[Date "2002.01.21"]
[Round "7"]
[White "Petkovski,V"]
[Black "Rusomanov,A"]
[Result "0-1"]
[WhiteElo "2227"]
[BlackElo "2182"]

1.d4 Nf6 2.Nf3 e6 3.c4 c5 4.d5 exd5 5.cxd5 d6 6.Nc3 g6 7.g3 Bg7 8.Bg2 O-O
9.O-O a6 10.a4 Re8 11.Nd2 Nbd7 12.h3 Rb8 13.Nc4 Nb6 14.Ne3 Bd7 15.a5 Nc8
16.Nc4 Bb5 17.Qb3 Bxc4 18.Qxc4 Nd7 19.Qb3 b5 20.axb6 Rxb6 21.Qc2 Na7 22.Ne4 Nb5
23.e3 f5 24.Nd2 Qc8 25.Nc4 Rb8 26.Na5 Nf6 27.Ra4 Nc7 28.Rd1 Ne4 29.Kh2 Rb5
30.Nc4 Qd7 31.f3 Nf6 32.f4 Ne4 33.Na3 Rb4 34.Rxb4 cxb4 35.Nc4 Qb5 36.Bxe4 b3
37.Qg2 Qxc4 38.Bd3 Qc5 39.e4 fxe4 40.Bxe4 Qb4 41.Bf3 Qc5 42.Be4 Nb5 43.f5 gxf5
44.Bxf5 Nd4 45.Bg4 Nc2 46.Be6+ Kh8 47.Rf1 Qd4 48.Qe2 Rf8 49.Rxf8+ Bxf8 50.Qf3 Be7
51.Bh6 Qxb2 52.Qf2 Bf6 53.Bc1 Qd4 54.Qf3 b2 55.Bg5 Kg7  0-1

[Event "FSGM February"]
[Site "Budapest HUN"]
[Date "2002.02.05"]
[Round "4"]
[White "Horvath,P1"]
[Black "Medvegy,Z"]
[Result "1/2-1/2"]
[WhiteElo "2478"]
[BlackElo "2478"]

1.d4 Nf6 2.c4 c5 3.d5 e6 4.Nc3 exd5 5.cxd5 d6 6.Nf3 g6 7.e4 Bg7 8.Be2 O-O
9.Nd2 Na6 10.O-O Nc7 11.a4 b6 12.f3 Rb8 13.Kh1 Re8 14.Bb5 Re7 15.Bc6 Bd7
16.Bxd7 Rxd7 17.Nc4 a6 18.Bg5 h6 19.Bh4 Qf8 20.Qc2 Nh5 21.f4 f5 22.e5 dxe5
23.d6 Nxf4 24.dxc7 Rxc7 25.Bg3 g5 26.Bxf4 exf4 27.Nd5 Rcb7 28.Rfe1 b5 29.axb5 axb5
30.Na5 Rd7 31.Nc6 Rbb7 32.Rad1 Kh7 33.Ne5 Rd8 34.h4 Re8 35.Nf3 g4 36.Rxe8 Qxe8
37.Qxf5+ Qg6 38.Qxg6+ Kxg6 39.Ne1 Bxb2 40.Nxf4+ Kf6 41.Nfd3 Bd4 42.Nc2 Rc7
43.Nxd4 cxd4 44.Rd2 Kf5 45.Kg1 g3 46.Kf1 Ke4 47.Ke2 Rc3 48.h5 Ra3 49.Nb4 Rb3
50.Nd3 Rc3 51.Nb4 Re3+ 52.Kd1 d3 53.Kc1 Re1+ 54.Kb2 Ke3 55.Rxd3+ Kf2 56.Rd2+ Kg1
57.Nd5 Re5 58.Nf4 Re4 59.Nd3 Rh4 60.Kc3 Rxh5 61.Kd4 Rf5 62.Ke3 h5 63.Nf4 b4
64.Kf3 Kh2 65.Rb2 Rb5 66.Ne2 h4 67.Nf4 b3 68.Kg4 Rb4 69.Kf3 Rb8 70.Ng6 h3
71.Nf4 Rc8 72.gxh3+ Rc2 73.Rxb3 g2 74.Nxg2 Rxg2 75.Kf4 Ra2 76.h4 Ra4+ 77.Kg5 Ra5+  1/2-1/2

[Event "7th HIT Open"]
[Site "Nova Gorica SLO"]
[Date "2002.02.05"]
[Round "6"]
[White "Zelcic,R"]
[Black "Cvitan,O"]
[Result "1/2-1/2"]
[WhiteElo "2544"]
[BlackElo "2550"]

1.d4 Nf6 2.c4 e6 3.Nf3 c5 4.d5 exd5 5.cxd5 d6 6.Nc3 g6 7.e4 Bg7 8.h3 O-O
9.Bd3 b5 10.Bxb5 Nxe4 11.Nxe4 Qa5+ 12.Nfd2 Qxb5 13.Nxd6 Qa6 14.N2c4 Nd7 15.O-O Nb6
16.Nxb6 Qxb6 17.Nxc8 Raxc8  1/2-1/2

[Event "Open"]
[Site "Portsmouth ENG"]
[Date "2002.02.09"]
[Round "4"]
[White "Sherwin,J"]
[Black "Rudd,J"]
[Result "1-0"]
[WhiteElo "2339"]
[BlackElo "2135"]

1.Nf3 Nf6 2.d4 c5 3.d5 e6 4.c4 exd5 5.cxd5 d6 6.Nc3 g6 7.h3 Bg7 8.e4 O-O
9.Bd3 Na6 10.O-O Nc7 11.a4 b6 12.Bf4 a6 13.Nd2 Rb8 14.Nc4 Nfe8 15.e5 dxe5
16.Nxe5 Bb7 17.Nc6 Bxc6 18.dxc6 Qf6 19.Qf3 Rd8 20.Rad1 Ne6 21.Bg3 Qxf3 22.gxf3 N8c7
23.Bc4 Bd4 24.Rfe1 Rfe8 25.Ne4 Kg7 26.Bxe6 Nxe6 27.c7 Ra8 28.Nd6 Nxc7 29.Nxe8+ Nxe8
30.Be5+ Bxe5 31.Rxe5 Kf6 32.f4 Rc8 33.Rd7 Rc7 34.Rd8 Ng7 35.Rd6+ Ne6 36.Rxb6 g5
37.Rxg5 c4 38.h4 h6 39.Ra5 Kg7 40.Raxa6 Nc5 41.Ra8 Nd3 42.f5 Rc5 43.f6+ Kh7
44.a5 Ne5 45.Kg2 Ng6 46.Kg3 c3 47.bxc3 Rxc3+ 48.f3 Ne5 49.Kf4 Nxf3 50.h5 Rc4+
51.Kg3 Nd4 52.Rbb8  1-0

[Event "FSIM February"]
[Site "Budapest HUN"]
[Date "2002.02.10"]
[Round "9"]
[White "Kostic,F"]
[Black "Lund,E"]
[Result "1-0"]
[WhiteElo "2280"]
[BlackElo "2333"]

1.d4 e6 2.c4 Nf6 3.Nf3 c5 4.d5 exd5 5.cxd5 d6 6.Nc3 g6 7.Bf4 Bg7 8.Qa4+ Bd7
9.Qb3 Qc7 10.Nd2 Nh5 11.Bg5 h6 12.Bh4 g5 13.Bg3 O-O 14.e3 f5 15.Be2 Nxg3
16.hxg3 a6 17.a4 Bc8 18.a5 Nd7 19.Nc4 Rb8 20.Na4 Ne5 21.Nab6 Nxc4 22.Bxc4 f4
23.gxf4 gxf4 24.e4 Qe7 25.f3 Bf5 26.O-O-O Bg6 27.Rh3 h5 28.Bd3 Be5 29.Nc4 Rf7
30.Nxe5 Qxe5 31.Qc3 Re8 32.Qxe5 Rxe5 33.Kd2 Kg7 34.g3 Rg5 35.gxf4 Rg2+ 36.Ke3 Rxb2
37.Rg1 Rb3 38.f5 c4 39.Rxg6+ Kf8 40.Rxd6 Rxd3+ 41.Kf4 c3 42.Rd8+ Ke7 43.Rc8 Kd7
44.Rc4 Rh7 45.f6 Kd6 46.Kf5 Rc7 47.e5+ Kd7 48.Rxc7+ Kxc7 49.f7 c2 50.f8=Q c1=Q
51.d6+ Kd7 52.e6+ Kc6 53.Qc8+  1-0

[Event "XVIII Open"]
[Site "Cappelle la Grande FRA"]
[Date "2002.02.17"]
[Round "9"]
[White "Winants,L"]
[Black "Degraeve,JM"]
[Result "1-0"]
[WhiteElo "2488"]
[BlackElo "2591"]

1.d4 Nf6 2.Nf3 c5 3.d5 e6 4.c4 exd5 5.cxd5 d6 6.Nc3 a6 7.a4 g6 8.g3 Bg7 9.Bg2 O-O
10.O-O Re8 11.Nd2 Nbd7 12.h3 Nh5 13.Nce4 Ndf6 14.Nxf6+ Nxf6 15.Nc4 Bf5 16.Bf4 Bf8
17.a5 Be4 18.Nb6 Bxg2 19.Kxg2 Rb8 20.Ra3 Re4 21.Ra4 Qe8 22.Rxe4 Qxe4+ 23.f3 Qb4
24.Qd2 Qb5 25.Rc1 Nh5 26.Be3 Re8 27.Nc4 h6 28.g4 Nf6 29.Bf2 b6 30.e4 bxa5
31.Qxa5 Nd7 32.Bg3 Qxa5 33.Nxa5 f5 34.Re1 Rb8 35.Nc4 Rb4 36.Rc1 fxe4 37.fxe4 Nb6
38.Nxd6 Bxd6 39.Bxd6 Rxe4 40.Rxc5 Rd4 41.Rc6 Nxd5 42.Kf3 Ra4 43.Be5 Kf7 44.Rd6 Ne7
45.Rf6+ Ke8 46.Bd6 h5 47.Ba3 hxg4+ 48.hxg4 Rc4 49.Re6 Rc7 50.Kf4 Kf7 51.Rxe7+ Rxe7
52.Bxe7 Kxe7 53.Ke4  1-0

[Event "Open"]
[Site "Cannes FRA"]
[Date "2002.02.25"]
[Round "1"]
[White "Lacrosse,M"]
[Black "Marin,M"]
[Result "0-1"]
[WhiteElo "2256"]
[BlackElo "2551"]

1.d4 Nf6 2.c4 e6 3.Nf3 c5 4.d5 d6 5.Nc3 exd5 6.cxd5 g6 7.g3 Bg7 8.Bg2 O-O
9.O-O Re8 10.Nd2 a6 11.a4 Nbd7 12.h3 Rb8 13.Nc4 Ne5 14.Na3 Nh5 15.e4 Bd7
16.a5 Qxa5 17.g4 Nf6 18.g5 Nh5 19.f4 c4 20.Be3 Nxf4 21.Rxf4 Qd8 22.Nc2 Nd3
23.Qf3 Nxb2 24.Nd4 Rf8 25.Rf6 Qe7 26.Bf1 h6 27.h4 Qe5 28.Qf4 Rbc8 29.Qxe5 dxe5
30.Nf3 Bxf6 31.gxf6 Rfe8 32.Rb1 Na4 33.Nxa4 Bxa4 34.Rxb7 c3 35.Bxa6 c2 36.Bc1 Ra8
37.Bd3 Reb8 38.Rxb8+ Rxb8 39.Bxh6 Rb6 40.Nxe5 Rxf6 41.Bc4 Rb6 42.Nd3 Bb3
43.Bxb3 Rxb3 44.Nc1 Rb4 45.e5 Rxh4 46.d6 Re4 47.Nd3 Kh7 48.Bg5 Rd4 49.Nc1 f6
50.Be3 Rd1+ 51.Kf2 fxe5 52.Ke2 Rxd6 53.Nd3 e4 54.Nb4 Kg7 55.Nxc2 Kf6 56.Bd4+ Kf5
57.Ke3 g5 58.Ne1 Rh6 59.Ng2 Rh2 60.Kf2 Kg4 61.Be5 e3+ 62.Kg1 Rh3 63.Ne1 Kf5
64.Bh2 Ke4 65.Kg2 Rh5 66.Bg1 Rh4 67.Kg3 Rh1 68.Kg2 Rh8 69.Nc2 e2 70.Kf2 Rh1
71.Kg2 Rh7 72.Kf2 Kd3 73.Ne1+ Kd2 74.Nf3+ Kd1 75.Kg3 g4  0-1

[Event "Open"]
[Site "Antalya TUR"]
[Date "2002.02.28"]
[Round "7"]
[White "Demirel,T"]
[Black "Arduman,C"]
[Result "0-1"]
[WhiteElo "2166"]
[BlackElo "2352"]

1.d4 Nf6 2.c4 e6 3.Nf3 c5 4.d5 exd5 5.cxd5 d6 6.Nc3 a6 7.a4 g6 8.h3 Qe7 9.Bg5 Bg7
10.e3 h6 11.Bf4 Nbd7 12.Be2 O-O 13.O-O Re8 14.Re1 Rb8 15.Rc1 g5 16.Bh2 Nf8
17.e4 N6d7 18.Qd2 Ng6 19.Bf1 Nde5 20.Nxe5 Bxe5 21.g3 Qf6 22.Bg2 b5 23.axb5 axb5
24.b4 Bd4 25.e5 Rxe5 26.Ne4 Rxe4 27.Rxe4 Bf5 28.Rxd4 cxd4 29.g4 Bd7 30.Rd1 Rc8
31.Qxd4 Qxd4 32.Rxd4 Rc1+ 33.Bf1 Nh4 34.Rd3 f5 35.Ra3 f4 36.f3 Rc2 37.Kh1 Rf2
38.Kg1 Rd2 39.Rd3 Rxd3 40.Bxd3 Nxf3+ 41.Kh1 Kg7 42.Be2 Nxh2  0-1

[Event "Jersey Open"]
[Site "St Helier JCI"]
[Date "2002.03.01"]
[Round "6"]
[White "Arkell,K"]
[Black "Quillan,G"]
[Result "1/2-1/2"]
[WhiteElo "2463"]
[BlackElo "2319"]

1.d4 Nf6 2.Nf3 e6 3.c4 c5 4.d5 exd5 5.cxd5 d6 6.Nc3 g6 7.g3 Bg7 8.Bg2 O-O
9.O-O Re8 10.Nd2 a6 11.a4 Nbd7 12.Nc4 Ne5 13.Nxe5 Rxe5 14.Bf4 Re8 15.Qc2 Ng4
16.Rab1 f5 17.h3 Ne5 18.b4 c4 19.a5 Bd7 20.Qd2 Nf7 21.Be3 Qf6 22.Rbc1 Re7
23.Rfd1 g5 24.Bd4 Qh6 25.Bxg7 Qxg7 26.Qd4 Qxd4 27.Rxd4 Rc8 28.f4 h6 29.Kf2 Kg7
30.Nd1 Bb5 31.Ne3 Kf6 32.Rc3 Nh8 33.fxg5+ hxg5 34.h4 Ng6 35.Bh3 g4 36.Bf1 Ke5
37.Nc2 Kf6 38.Ne3 Ke5 39.Rd1 Kf6 40.Nc2 Ba4 41.Rd4 Bxc2 42.Rxc2 Ne5 43.Rc3 b6
44.axb6 Rb7 45.Rf4 Kg6 46.e4 fxe4 47.Ke3 Rxb6 48.Bg2 Rxb4 49.Bxe4+ Kg7 50.Bc2 Re8
51.Ra3 Nd3+ 52.Re4 Ne1 53.Rc3 Nxc2+ 54.Rxc2 Rb3+ 55.Kd4 Rxe4+ 56.Kxe4 Rxg3
57.Rxc4 Ra3 58.Kf5 g3 59.Ke6 Kg6 60.Rg4+ Kh5 61.Rg8 Kxh4 62.Kxd6 Kh3 63.Ke5 Kg2
64.d6 Re3+  1/2-1/2

[Event "National Open"]
[Site "Las Vegas USA"]
[Date "2002.03.09"]
[Round "3"]
[White "Strugatsky,V"]
[Black "Bekefi,L"]
[Result "1-0"]
[WhiteElo "2431"]
[BlackElo "2295"]

1.d4 Nf6 2.Nf3 e6 3.c4 c5 4.d5 exd5 5.cxd5 d6 6.Nc3 g6 7.e4 Bg7 8.Bf4 O-O
9.Be2 a6 10.a4 Bg4 11.O-O Re8 12.Nd2 Bxe2 13.Qxe2 Nh5 14.Be3 Nd7 15.g4 Nhf6
16.f3 h5 17.h3 hxg4 18.hxg4 Ne5 19.Kg2 Qc7 20.a5 b5 21.axb6 Qxb6 22.Rfb1 a5
23.g5 Nh7 24.f4 Nd7 25.Nc4 Qb8 26.Nxa5 Qc7 27.Nc6 Rxa1 28.Rxa1 Bxc3 29.bxc3 Rxe4
30.Ra8+ Nhf8 31.Kf3 f5 32.Qa2 Qb6 33.c4 Qb7 34.Ra7 Qc8 35.Ra8 Qb7 36.Bd2 Kf7
37.Nd8+  1-0

[Event "TCh-CZE 2001-2"]
[Site "CZE"]
[Date "2002.03.10"]
[Round "9"]
[White "Obsivac,J"]
[Black "Virostko,P"]
[Result "1/2-1/2"]
[WhiteElo "2348"]
[BlackElo "2322"]

1.d4 Nf6 2.c4 c5 3.d5 e6 4.Nc3 exd5 5.cxd5 d6 6.Nf3 g6 7.g3 Bg7 8.Bg2 O-O
9.O-O a6 10.a4 Nbd7 11.Bf4 Qc7 12.Ra2 Re8 13.Qc1 Rb8 14.Bh6 Bh8 15.h3 Ne4
16.Nxe4 Rxe4 17.e3 b5 18.Nd4 Re8 19.axb5 a5 20.Rd1 Rb7 21.Nc6 Rxb5 22.Bf1 Rb7
23.Nxa5 Ra7 24.Qa1 Nb6 25.Nc6 Rxa2 26.Qxa2 Bb7 27.Bg2 c4 28.b3 c3 29.b4 Ra8
30.Qb3 Bf6 31.Rc1 Qd7 32.Nd4 Qa4 33.Qxc3 Nxd5 34.Qd2 Rd8 35.b5 Rd7 36.h4 Qa8
37.Nc6 Nc7 38.Bh3 Ne6 39.Qd5 Qe8 40.Qf3 Bb2 41.Rc2 Bh8 42.Qd5 Bf6 43.Rc4 Be5
44.f4 Bf6 45.Re4 Re7 46.Qxd6 Kh8 47.Bxe6 fxe6 48.Nxe7 Bxe4 49.Nc6 Kg8 50.Bg5 Bg7
51.Qd8 Qxd8 52.Bxd8 Kf7 53.Bc7 Ke8 54.Be5 Bxc6 55.Bxg7  1/2-1/2

[Event "72nd ch-ARG"]
[Site "Pinamar ARG"]
[Date "2002.03.12"]
[Round "2"]
[White "Sorin,A"]
[Black "Rosito,J"]
[Result "0-1"]
[WhiteElo "2512"]
[BlackElo "2424"]

1.d4 Nf6 2.c4 e6 3.Nf3 c5 4.d5 d6 5.Nc3 exd5 6.cxd5 g6 7.e4 a6 8.Bf4 b5 9.Qe2 Nh5
10.Bg5 Be7 11.Bh6 Bf8 12.Qe3 Bxh6 13.Qxh6 Qf6 14.Nd2 c4 15.Nd1 Nd7 16.g3 Ne5
17.Qe3 O-O 18.Be2 Ng4 19.Qc3 Qe7 20.f3 Ne5 21.Nf2 f5 22.f4 Nd3+ 23.Bxd3 cxd3
24.O-O Nf6 25.Qxd3 fxe4 26.Ndxe4 Nxe4 27.Qxe4 Qf6 28.Qb4 a5 29.Qd2 Bf5 30.Rac1 Rfe8
31.Rc7 b4 32.Rfc1 Re7 33.Rxe7 Qxe7 34.Qd4 Re8 35.g4 Bc8 36.Qb6 Qf6 37.Rc4 Qxb2
38.Qxd6 Bxg4 39.Kg2 Qe2 40.Rc1 Bf3+ 41.Kg3 Bh5 42.Kg2 Bf3+ 43.Kg3 Qe3 44.Re1 Be2+
45.Kg2 Bf3+ 46.Kg3 Qxe1 47.Kxf3 Qe2+ 48.Kg3 Re3+ 49.Kg2 Qf3+ 50.Kf1 Kg7 51.Qd7+ Kh6
52.Qd8 Qxf4 53.d6 Rf3 54.Qb6 Rxf2+ 55.Qxf2 Qxd6 56.Qe3+ g5 57.Qa7 Qf4+ 58.Kg2 Qd2+
59.Kg3 Qxa2 60.Qa8 Qb3+ 61.Kg4 Qc4+ 62.Kg3 Qf4+ 63.Kg2 Qf6 64.Qxa5 b3 65.Qb5 b2
66.h3 Kg7 67.Qb7+ Kg6 68.Qe4+ Qf5 69.Qc6+ Kh5 70.Qe8+ Kh6 71.Qc6+ Qg6  0-1

[Event "TCh-FIN 2001-02"]
[Site "FIN"]
[Date "2002.03.16"]
[Round "8"]
[White "Fieandt,J"]
[Black "Tanner,H"]
[Result "1/2-1/2"]
[WhiteElo "2189"]
[BlackElo "2250"]

1.d4 Nf6 2.c4 e6 3.Nf3 c5 4.d5 exd5 5.cxd5 d6 6.Nc3 g6 7.g3 Bg7 8.Bg2 O-O
9.O-O Re8 10.Nd2 b6 11.Re1 Ba6 12.a4 Ng4 13.Nde4 f5 14.Ng5 Bd4 15.Nh3 Qf6
16.Qc2 Bxc3 17.bxc3 Bc4 18.Nf4 Na6 19.Ne6 Rac8 20.Bg5 Qf7 21.Bf4 Nc7 22.Nxc7 Rxc7
23.a5 Rce7 24.axb6 axb6 25.e4 fxe4 26.Bxd6 Bd3 27.Qd2 Rd7 28.Qf4 Qxf4 29.Bxf4 Rxd5
30.f3 Nf6 31.fxe4 Bxe4 32.Ra6 Bxg2 33.Rxe8+ Nxe8 34.Kxg2 g5 35.Bc1 h6 36.Rxb6 Kh7
37.h4 Rd1 38.Be3 Rd3 39.Bf2 g4 40.c4 Ng7 41.Rb7 Kg6 42.Rb6+ Kh5  1/2-1/2

[Event "6th Neckar Open"]
[Site "Deizisau GER"]
[Date "2002.03.29"]
[Round "3"]
[White "Farago,I"]
[Black "Pajeken,W"]
[Result "0-1"]
[WhiteElo "2500"]
[BlackElo "2350"]

1.d4 Nf6 2.c4 c5 3.d5 e6 4.Nc3 exd5 5.cxd5 d6 6.Nf3 g6 7.Nd2 Bg7 8.e4 O-O
9.Be2 Na6 10.O-O Nc7 11.a4 b6 12.Nc4 Ba6 13.Rb1 Bxc4 14.Bxc4 a6 15.Re1 Qd7
16.b4 b5 17.axb5 axb5 18.Be2 c4 19.Be3 Rfe8 20.Bf3 h5 21.Bd4 Ng4 22.Bxg7 Kxg7
23.Bxg4 Qxg4 24.Qd4+ Kg8 25.Qb6 Qd7 26.f4 Ra6 27.Qd4 Qg4 28.Qf6 Rea8 29.Re3 Ne8
30.Qd4 Qxf4 31.Rf3 Qe5 32.Qxe5 dxe5 33.Nxb5 Rb6 34.Nc3 Kg7 35.Rbf1 f6 36.b5 Ra3
37.h3 Nd6 38.g4 hxg4 39.hxg4 Nxb5 40.Nxb5 Rxf3 41.Rxf3 Rxb5 42.Kf2 Rb4 43.g5 fxg5
44.d6 Rb2+ 45.Kg3 Rd2 46.Rc3 Rxd6 47.Rxc4 Rd4 48.Rc7+ Kh6 49.Kf3 g4+ 50.Ke3 g3
51.Kf3 Rd3+  0-1

[Event "XI ch-MKD"]
[Site "Gevgelija MKD"]
[Date "2002.04.02"]
[Round "2"]
[White "Jacimovic,D"]
[Black "Ilic,Ljubo"]
[Result "1/2-1/2"]
[WhiteElo "2472"]
[BlackElo "2289"]

1.d4 Nf6 2.Nf3 c5 3.d5 d6 4.c4 e6 5.Nc3 exd5 6.cxd5 g6 7.e4 Bg7 8.h3 O-O
9.Bg5 a6 10.a4 Re8 11.Bd3 h6 12.Be3 Nbd7 13.O-O Ne5 14.Nxe5 Rxe5 15.Qd2 Kh7
16.Rae1 Re8 17.f4 Nd7 18.e5 c4 19.Bb1 dxe5 20.f5 Nf6 21.fxg6+ fxg6 22.Ne4 Rf8
23.Nxf6+ Rxf6 24.Rxf6 Qxf6 25.Rf1 Qd6 26.Rf7 Kg8 27.Rf3 Bf5 28.Bxf5 gxf5
29.Rxf5 Rd8 30.Qc1 b5 31.axb5 axb5 32.Rf2 e4 33.Rd2 Qg3 34.Bf2 Qg5 35.h4 Qe5
36.Bd4 Qxd5 37.Be3 Qa8 38.Bxh6 Qa7+ 39.Kh2 Rd3 40.Bxg7 Qxg7 41.Qe1 Qg4 42.Rxd3 cxd3
43.Kg1 Qf4 44.Qc3 d2 45.Qd4 b4 46.Qd8+ Kg7 47.Qd4+ Kg6 48.h5+ Kxh5 49.Qh8+ Kg4
50.Qg7+ Qg5 51.Qd7+ Kg3 52.Qd6+ Kh4 53.Kh2 Qe3 54.Qe7+ Kh5 55.Qf7+ Kh6 56.Qf6+ Kh7
57.Qf7+ Kh6 58.Qf6+ Kh7  1/2-1/2

[Event "FSIMB April"]
[Site "Budapest HUN"]
[Date "2002.04.07"]
[Round "6"]
[White "Farago,S"]
[Black "Cooke,E"]
[Result "1-0"]
[WhiteElo "2286"]
[BlackElo "2220"]

1.d4 Nf6 2.c4 e6 3.Nf3 c5 4.d5 exd5 5.cxd5 d6 6.Nc3 g6 7.e4 Bg7 8.h3 O-O
9.Bd3 b5 10.Bxb5 Nxe4 11.Nxe4 Qa5+ 12.Nfd2 Qxb5 13.Nxd6 Qa6 14.N2c4 Rd8 15.Qe2 Bf8
16.Nxc8 Qxc8 17.Ne3 Nd7 18.O-O Bg7 19.Rd1 Rb8 20.Rb1 Nf6 21.b3 Rb7 22.Bb2 Rbd7
23.Qc4 Qb7 24.Qc3 Qb4 25.Qc4 Qb7 26.Bxf6 Bxf6 27.Qxc5 Bg5 28.Rbc1 Bxe3 29.Qxe3 Rxd5
30.Rxd5 Rxd5 31.Qe8+ Kg7 32.Rc8 Qb4 33.g3 Rd1+ 34.Kh2 Rd2 35.Qh8+ Kh6 36.Rc4  1-0

[Event "III Open"]
[Site "Dos Hermanas ESP"]
[Date "2002.04.12"]
[Round "8"]
[White "Pereira Figueroa,M"]
[Black "Kovacevic,Sl"]
[Result "0-1"]
[WhiteElo "2106"]
[BlackElo "2393"]

1.d4 Nf6 2.Nf3 e6 3.c4 c5 4.d5 exd5 5.cxd5 d6 6.Nc3 g6 7.g3 Bg7 8.Bg2 O-O
9.O-O a6 10.a4 Nbd7 11.Nd2 Nh5 12.h3 f5 13.Kh2 Ne5 14.f4 Nf7 15.e4 Nf6 16.Re1 Re8
17.Nc4 fxe4 18.Nxe4 Nxe4 19.Bxe4 b6 20.Ra3 Bd7 21.Rf3 b5 22.axb5 axb5 23.Na3 Nh6
24.Bd3 c4 25.Rxe8+ Qxe8 26.Re3 Qf7 27.Bf1 Nf5 28.Re4 Re8 29.Rxe8+ Qxe8 30.Nc2 h5
31.Bg2 Kf7 32.Bf3 Qh8 33.Bd2 Bxb2 34.Bb4 Bc3 35.Ba3 Qf6 36.Be4 h4 37.gxh4 Nxh4
38.Bc1 b4 39.Be3 Qe7 40.Qh1 Bf5 41.Bxf5 Nxf5 42.Bg1 Qe2+ 43.Qg2 Qd3  0-1